| 000 -LEADER |
| fixed length control field |
01053cam a22002657i 4500 |
| 003 - CONTROL NUMBER IDENTIFIER |
| control field |
OSt |
| 005 - DATE AND TIME OF LATEST TRANSACTION |
| control field |
20200521124652.0 |
| 008 - FIXED-LENGTH DATA ELEMENTS--GENERAL INFORMATION |
| fixed length control field |
171114m20169999vraa 000 0 eng d |
| 020 ## - INTERNATIONAL STANDARD BOOK NUMBER |
| International Standard Book Number |
9781864706703 (hardcover : book 1) |
| 082 04 - DEWEY DECIMAL CLASSIFICATION NUMBER |
| Classification number |
720.1TY |
| Edition number |
23 |
| 100 1# - MAIN ENTRY--PERSONAL NAME |
| Personal name |
Ty, Romeo D., |
| Relator term |
author. |
| 245 10 - TITLE STATEMENT |
| Title |
Architectural details sketchbook = |
| Remainder of title |
Jian zhu she ji tu ji / |
| Statement of responsibility, etc |
Romeo D. Ty + JWDA Inc. |
| 246 31 - VARYING FORM OF TITLE |
| Title proper/short title |
Jian zhu she ji tu ji |
| 246 1# - VARYING FORM OF TITLE |
| Display text |
Title of book 2: |
| Title proper/short title |
Architectural design sketchbook |
| 246 1# - VARYING FORM OF TITLE |
| Display text |
Chinese title on book 1 cover: |
| Title proper/short title |
Jian zhu xi bu she ji tu ji |
| 300 ## - PHYSICAL DESCRIPTION |
| Extent |
volumes : |
| Other physical details |
illustrations (chiefly color) ; |
| Dimensions |
29 cm |
| 500 ## - GENERAL NOTE |
| General note |
Book 1 also called volume 1. |
| 505 1# - FORMATTED CONTENTS NOTE |
| Formatted contents note |
book 1. The virtues of divine proportion = Huang jin bi li de jing sui -- book. 2. The systems of proportion = Bi li de ti xi |
| 546 ## - LANGUAGE NOTE |
| Language note |
Text in English and Chinese. |
| 650 #0 - SUBJECT ADDED ENTRY--TOPICAL TERM |
| Topical term or geographic name as entry element |
Architecture |
| General subdivision |
Composition, proportion, etc. |
| 650 #0 - SUBJECT ADDED ENTRY--TOPICAL TERM |
| Topical term or geographic name as entry element |
Golden section. |
| 650 #0 - SUBJECT ADDED ENTRY--TOPICAL TERM |
| Topical term or geographic name as entry element |
Architectural design |
| General subdivision |
Mathematics. |
| 650 #0 - SUBJECT ADDED ENTRY--TOPICAL TERM |
| Topical term or geographic name as entry element |
Geometry in architecture. |
| 942 ## - ADDED ENTRY ELEMENTS (KOHA) |
| Source of classification or shelving scheme |
|